<?xml version="1.0" encoding="UTF-8"?>
<record
    xmlns:xsi="http://www.w3.org/2001/XMLSchema-instance"
    xsi:schemaLocation="http://www.loc.gov/MARC21/slim http://www.loc.gov/standards/marcxml/schema/MARC21slim.xsd"
    xmlns="http://www.loc.gov/MARC21/slim">

  <leader>01549    a2200217   4500</leader>
  <controlfield tag="001">54001</controlfield>
  <controlfield tag="005">20260407155810.0</controlfield>
  <controlfield tag="008">260407a2005    arg                 spa d</controlfield>
  <controlfield tag="003">AR-UNSa-BCEJYS</controlfield>
  <datafield tag="040" ind1=" " ind2=" ">
    <subfield code="a">AR-UNSa-BCEJYS</subfield>
    <subfield code="b">spa</subfield>
    <subfield code="c">AR-UNSa-BCEJYS</subfield>
  </datafield>
  <datafield tag="080" ind1=" " ind2=" ">
    <subfield code="a">32</subfield>
    <subfield code="x">Pol&#xED;tica</subfield>
  </datafield>
  <datafield tag="245" ind1="1" ind2="0">
    <subfield code="a">Lecciones elementales de pol&#xED;tica</subfield>
  </datafield>
  <datafield tag="020" ind1=" " ind2=" ">
    <subfield code="a">978-950-574-044-4</subfield>
  </datafield>
  <datafield tag="264" ind1=" " ind2="1">
    <subfield code="a">Buenos Aires :</subfield>
    <subfield code="b">EDIAR</subfield>
    <subfield code="c">2005</subfield>
  </datafield>
  <datafield tag="300" ind1=" " ind2=" ">
    <subfield code="a">430 p.</subfield>
    <subfield code="c">20 cm.</subfield>
  </datafield>
  <datafield tag="505" ind1=" " ind2=" ">
    <subfield code="a">1. Concepto y &#xE1;mbito de la pol&#xED;tica - 2. Pol&#xED;tica,&#xE9;tica y econom&#xED;a - 3. Mundanidad,sociabilidad y ppoliticidad del hombre - 4. Din&#xE1;mica y est&#xE1;tica sociales - 5. El mando y la obediencia - 6. La Naci&#xF3;n - 7. La naturaleza del estado - 8. Lo permanente y lo hist&#xF3;rico del estado - 9. Origen y justificaci&#xF3;n del estado - 10. Estado y derecho - 11. La personalidad del estado - 12. El fin del estado - 13. Las causas y los elementos del estado - 14. La soberan&#xED;a - 15. Formas de estado y formas de gobierno - 16. Descentralizaci&#xF3;n y federalismo - 17. El poder temporal y el poder espiritual - 18. El estao en el orden internacional - 19. Din&#xE1;mica estatal y comportamiento pol&#xED;tico - 20. La opini&#xF3;n p&#xFA;blica - 21. Las presiones sobre el poder - 22. Los partidos pol&#xED;ticos - 23. El sufragio - 24. La resistencia de la opresi&#xF3;n - 25. La ordenaci&#xF3;n constitucional del estado - 26. Poder constitituyente y supremac&#xED;a de la constituci&#xF3;n - 27. Las situaciones de anormalidad</subfield>
  </datafield>
  <datafield tag="041" ind1=" " ind2=" ">
    <subfield code="a">spa</subfield>
  </datafield>
  <datafield tag="942" ind1=" " ind2=" ">
    <subfield code="c">BK</subfield>
  </datafield>
  <datafield tag="590" ind1=" " ind2=" ">
    <subfield code="a">niveau_biblio:m niveau_hierar:0</subfield>
  </datafield>
  <datafield tag="100" ind1="1" ind2=" ">
    <subfield code="a">Bidart Campos, German J.</subfield>
  </datafield>
  <datafield tag="999" ind1=" " ind2=" ">
    <subfield code="c">5318</subfield>
    <subfield code="d">5318</subfield>
  </datafield>
  <datafield tag="952" ind1=" " ind2=" ">
    <subfield code="0">0</subfield>
    <subfield code="1">0</subfield>
    <subfield code="4">0</subfield>
    <subfield code="7">0</subfield>
    <subfield code="a">BCEJYS</subfield>
    <subfield code="b">BCEJYS</subfield>
    <subfield code="c">16</subfield>
    <subfield code="d">2026-04-07</subfield>
    <subfield code="l">0</subfield>
    <subfield code="o">32 B584</subfield>
    <subfield code="p">L128460</subfield>
    <subfield code="r">2026-04-07 15:58:10</subfield>
    <subfield code="w">2026-04-07</subfield>
    <subfield code="y">L</subfield>
  </datafield>
</record>
